Online Catalogue and eLibrary

Frankenstein: (Record no. 1581)

MARC details
000 -LEADER
fixed length control field 00447nam a2200169Ia 4500
005 - DATE AND TIME OF LATEST TRANSACTION
control field 20250109032159.0
008 - FIXED-LENGTH DATA ELEMENTS--GENERAL INFORMATION
fixed length control field 240331s9999 xx 000 0 und d
020 ## - INTERNATIONAL STANDARD BOOK NUMBER
ISBN 140392404X
082 ## - DDC Classification
Item Number - Author Mark ANJ
DDC Edition Number 1949
Class No. 305.3
245 #0 - TITLE STATEMENT
Title Frankenstein:
Remainder of title Interrogating Gender, Culture and Identity
260 ## - PUBLICATION, DISTRIBUTION, ETC.
Place of publication, distribution, etc. New Delhi
Name of publisher, distributor, etc. Macmillan India Ltd.
Date of publication, distribution, etc. 2004
300 ## - PHYSICAL DESCRIPTION
Extent (e.g. Volumes, Pages etc.) ix, 208 p.,
650 ## - SUBJECT ADDED ENTRY--TOPICAL TERM
Topical term or geographic name entry element Gender
650 ## - SUBJECT ADDED ENTRY--TOPICAL TERM
Topical term or geographic name entry element Culture
700 ## - ADDED ENTRY--PERSONAL NAME
Personal name Sharma, A
Relator term (Role) Editor
942 ## - Koha item type (Biblio)
Koha item type Books in Stacks (Lending)
Holdings
Lost status Damaged status Collection code Home library Current library Shelving location Date acquired Full call number Accession Number Item type
    Lending WERC Library WERC Library Social Science Cupboard 03/31/2024 305.3 FRA 1949 Books in Stacks (Lending)

© WERC Library